Statistics for Bands with Siblings

Click here to take the quiz!

General Stats

  • This quiz has been taken 36 times
  • The average score is 13 of 20

Answer Stats

Siblings Band % Correct
Barry, Robin, & Maurice GibbThe Bee Gees
97%
Eddie & Alex V__ _____Van Halen
93%
Jackie, Tito, Jermaine, Marlon, & Michael J______The Jackson 5
93%
Eric & Gwen StefaniNo Doubt
90%
Noel & Liam GallagherOasis
87%
Malcolm & Angus YoungAC/DC
87%
Brian, Dennis, & Carl WilsonThe Beachboys
87%
Karen & Richard C________The Carpenters
83%
Mark & David KnopflerDire Straits
77%
John & Tom FogertyCreedence Clearwater Revival
70%
Duane & Gregg A_____The Allman Brothers Band
67%
Phil & Don E_____The Everly Brothers
63%
Ann & Nancy WilsonHeart
63%
Ray & Dave DaviesThe Kinks
57%
Ruth, Anita, Bonnie, & June P______The Pointer Sisters
40%
Caleb, Nathan, & Jared FollowillKings of Leon
37%
Chris & Rich RobinsonThe Black Crowes
33%
Tim, Andrew, & Jon FarrissINXS
23%
Vicki & Debbi PetersonThe Bangles
23%
Jonny & Colin GreenwoodRadiohead
17%

Score Distribution

Percentile by Number Answered

Percent of People with Each Score

Your Score History

You have not taken this quiz